| 000 | 00000nam##2200000za#4500 |
| 001 | 9.567969 |
| 003 | CaOODSP |
| 005 | 20210624181034 |
| 007 | cr ||||||||||| |
| 008 | 150406|2000||||xxc|||||o f|0| 0 eng|d |
| 040 | |aCaOODSP|beng |
| 043 | |an-cn--- |
| 086 | 1 |aBT31-2/2001-III-42E-PDF |
| 110 | 1 |aCanada. |bTreasury Board. |
| 245 | 10|aPublic Service Commission of Canada, 2000-2001 estimates. Part III, Report on plans and priorities |h[electronic resource] |
| 246 | 3 |aPublic Service Commission of Canada, 2000-2001 estimates, a report on plans and priorities |
| 260 | |aOttawa - Ontario : |bTreasury Board of Canada Secretariat |cc2000. |
| 300 | |a43p.|borganization chart, tables |
| 490 | 1 |a2000-2001 estimates. Part III, Report on plans and priorities |v2000-2001 |
| 500 | |aThe catalogue number (BT31-2/2001-III-42) and ISBN (0-660-611173-2) for the bilingual print edition have been incorrectly copied in this electronic publication. |
| 590 | |a10-13-Supp|b2010-11-23 |
| 775 | 08|tCommission de la fonction publique du Canada, budget des dépenses 2000-2001. Partie III, Rapport sur les plans et les priorités |w(CaOODSP)9.599279 |
| 776 | 0#|tCommission de la fonction publique du Canada |w(CaOODSP)9.533191 |
| 776 | 0#|tPublic Service Commission of Canada |w(CaOODSP)9.533190 |
| 830 | #0|a2000-2001 estimates. Part III, Report on plans and priorities ;|v2000-2001|w(CaOODSP)9.506160 |
| 856 | 40|ahttp://publications.gc.ca|qPDF|s306 KB|uhttps://publications.gc.ca/collections/Collection/BT31-2-2001-III-42E.pdf|y2000-2001 |